Cvičení na kladině /
Saved in:
| Main Author: | |
|---|---|
| Format: | Musical Score |
| Language: | Czech |
| Published: |
Praha :
Sportovní a turistické nakladatelství,
[1959].
|
| Series: | Sbírka pódiových skladeb
|
| Physical Description: |
1 partitúra (16 strán) ; 29 cm. |
| Tags: |
Add Tag
No Tags, Be the first to tag this record!
|
Titul je dostupný aj v ... 

MARC
| LEADER | 00000ncm a2200000 i 4500 | ||
|---|---|---|---|
| 001 | 000699430 | ||
| 005 | 20230712113824.0 | ||
| 008 | 230712s1959 xr e 000 0 cze d | ||
| 020 | |c (brožované) | ||
| 040 | |a SVKK |b slo |c SVKK |e rda | ||
| 041 | 0 | |a cze | |
| 044 | |a xr |c CZ | ||
| 100 | 1 | |a Procházka, Zdeněk Horymír, |d 1915- |4 cmp | |
| 245 | 1 | 0 | |a Cvičení na kladině / |c hudbu složil Zdeněk Horymír Procházka ; cvičení složil Vladimír Janoušek. |
| 264 | 1 | |a Praha : |b Sportovní a turistické nakladatelství, |c [1959]. | |
| 300 | |a 1 partitúra (16 strán) ; |c 29 cm. | ||
| 336 | |a zápis hudby |b ntm |2 rdacontent | ||
| 337 | |a bez média |b n |2 rdamedia | ||
| 338 | |a zväzok |b nc |2 rdacarrier | ||
| 490 | 1 | |a Sbírka pódiových skladeb |v 13 | |
| 500 | |a Záznam revízie | ||
| 700 | 1 | |a Janoušek, Vladimír |d 1922- |4 oth | |
| 830 | 0 | |a Sbírka pódiových skladeb | |
| 910 | |a svkkk | ||
| 998 | |a MU | ||
| 090 | |g SCKHL |k Sklad Pribinova 3. posch. |a V.24987 |j 175893 |i 2720864697 |s Prezenčne | ||
| 090 | |g SCKHL |k Sklad Pribinova 3. posch. |a V.24988 |j 175894 |i 2720864698 |s Prezenčne | ||